| 000 | 00936nam a22002177a 4500 | ||
|---|---|---|---|
| 003 | BD-DhUL | ||
| 005 | 20230604110714.0 | ||
| 008 | 230522s2023 bg a|||| b||| 00| 0 ben | ||
| 020 | _a9789849715474 (hbk) | ||
| 040 |
_aBD-DhUL _cBD-DhUL |
||
| 082 |
_a891.443 _bIMA |
||
| 100 | 1 | _aইমন, কিশোর পাশা | |
| 245 | 0 | 0 |
_aআমরা তোমার শান্তিপ্রিয় শান্ত ছেলে : _bক্র্যাকস অফ সেভেন্টিওয়ান / _cকিশোর পাশা ইমন । |
| 260 |
_aঢাকা : _bনালন্দা, _c২০২৩ । |
||
| 300 |
_a৩৯০ পৃ. : _bচিত্র ; _c২২ সেমি. |
||
| 365 |
_aBDT _b850.00 |
||
| 504 | _aগ্রন্থপঞ্জিগত তথ্য সংবলিত । | ||
| 650 | 4 | _aবাংলা উপন্যাস । | |
| 650 | 4 | _aBengali fiction. | |
| 942 |
_2ddc _cBK |
||
| 999 |
_c258397 _d258397 |
||